00301nam a2200121Ia 4500008004100000041000800041082001700049100001600066245003900082260002700121300002400148365000700172240624s9999 xx 000 0 und d aeng a658.0072 MIC aMICHAEL V P aRESEARCH METHODOLOGY IN MANAGEMENT c2004aMumbaibHimalaya a338 : p. : cm. ; 22 cRS